| 000 | 00596nam a22002057a 4500 | ||
|---|---|---|---|
| 003 | 0 | ||
| 005 | 20240923114441.0 | ||
| 008 | 240923b xxu||||| |||| 00| 0 eng d | ||
| 020 | _a978-1-64725-360-8 | ||
| 050 |
_aQA 155 _b.H68 2023 |
||
| 100 | _aHouston, Kevin | ||
| 245 |
_aAlgebra : a comprehensive course _cHouston, Kevin |
||
| 260 |
_aNew York _bNY research press. _cC2023 |
||
| 300 |
_avii, 188p.: _bill.; col. : _c27cm. |
||
| 500 | _aAlgebra. | ||
| 500 | _aMathematical analysis. | ||
| 500 | _aMathematics. | ||
| 650 | _aIncludes bibliographical references & index. | ||
| 942 |
_2lcc _cBK |
||
| 999 |
_c366334 _d366334 |
||